Incidencia y aspectos destacados de los derechos reales en la comunidad hereditaria (Registro nro. 31667)

Detalles MARC
000 -LEADER
fixed length control field 00448 a2200133 4500
001 - CONTROL NUMBER
control field ART_41267
005 - DATE AND TIME OF LATEST TRANSACTION
control field 20260410162005.0
008 - FIXED-LENGTH DATA ELEMENTS--GENERAL INFORMATION
fixed length control field 260409a
100 1# - MAIN ENTRY--PERSONAL NAME
Personal name Tanzi, Silvia Y.
245 10 - TITLE STATEMENT
Title Incidencia y aspectos destacados de los derechos reales en la comunidad hereditaria
700 1# - ADDED ENTRY--PERSONAL NAME
Personal name Corna, Pablo M.
700 1# - ADDED ENTRY--PERSONAL NAME
Personal name Fossaceca, Carlos Alberto (h)
773 0# - HOST ITEM ENTRY
Title Temas de derecho civil
Related parts - Año 3, Nº 3 (mar. 2017)
Record control number REV34778

No hay ítems disponibles.